LIBRARY & INFORMATION CENTRE, KCAET, TAVANUR

ONLINE PUBLIC ACCESS CATALOGUE (OPAC)

Basics of librarianship / (Record no. 5745)

MARC details
000 -LEADER
fixed length control field 00489cam a2200193ua 4500
041 ## - LANGUAGE CODE
Language code of text/sound track or separate title eng
082 ## - DEWEY DECIMAL CLASSIFICATION NUMBER
Classification number 020.92
Item number HAR/BA
100 ## - MAIN ENTRY--AUTHOR NAME
Personal name Harrison, Colin .
245 ## - TITLE STATEMENT
Title Basics of librarianship /
250 ## - EDITION STATEMENT
Edition statement 1 /
260 ## - PUBLICATION, DISTRIBUTION, ETC. (IMPRINT)
Place of publication New Delhi :
Name of publisher Oxford & IBH Publishing company ,
Year of publication 1981.
300 ## - PHYSICAL DESCRIPTION
Number of Pages 211 ; .
700 1# - ADDED ENTRY--PERSONAL NAME
Personal name Oates, Rosemary .
942 ## - ADDED ENTRY ELEMENTS (KOHA)
Koha item type Books
Holdings
Withdrawn status Lost status Damaged status Home library Current library Date acquired Full call number Accession Number Koha item type
      KAUAET KAUAET 07/04/2012 020.92 14720 Reference
free website counter